| 000 | 00555nam a22002057a 4500 | ||
|---|---|---|---|
| 003 | OSt | ||
| 005 | 20140310183037.0 | ||
| 008 | 130220t xxu||||| |||| 00| 0 eng d | ||
| 020 | _a9715843638 | ||
| 050 |
_aQD 45 _b.F475 2004 |
||
| 082 |
_aFIL 547.07802 _bSa4 2004 |
||
| 245 |
_aGeneral chemistry _blaboratory manual _cFigueroa, Lolibeth V. |
||
| 260 |
_aQuezon City _bC & E Publishing, Inc. _cc2004 |
||
| 300 |
_a81 p. _c26 cm. |
||
| 521 | _acollege students | ||
| 526 | _c1210L-1700L | ||
| 541 | _j1 | ||
| 562 | _e1 | ||
| 942 |
_2lcc _cBK _kFIL |
||
| 999 |
_c18499 _d18499 |
||